[Event "Gatineau Service des Loisirs"]
[Site "Gatineau"]
[Date "2012.11.06"]
[Round "4"]
[White "Pilon, Robert"]
[Black "Dagenais, Benoit"]
[Result "0-1"]
[WhiteElo "1553"]
[BlackElo "1730"]
[PlyCount "50"]
[EventDate "2012.10.16"]
[EventType "swiss"]
[EventRounds "4"]
[EventCountry "CAN"]
[SourceTitle "EXT 2022"]
[Source "ChessBase"]
[SourceDate "2021.10.06"]
[SourceVersion "1"]
[SourceVersionDate "2021.10.06"]
[SourceQuality "1"]

1. e4 e5 2. Nf3 Nc6 3. Bc4 Nf6 4. d3 Bc5 5. b4 Bxb4+ 6. c3 Ba5 7. Ba3 d6 8. Qb3 0-0 9. 0-0 Qe7 10. Nbd2 Bb6 11. Bd5 Nxd5 12. exd5 Na5 13. Qc2 Bf5 14. Rfe1 Qf6 15. Ne4 Bxe4 16. dxe4 Rac8 17. c4 c6 18. Qd2 Nxc4 19. Qd3 Nxa3 20. Qxa3 cxd5 21. exd5 Rc5 22. Red1 Rfc8 23. Rac1 e4 24. Nd2 Rxc1 25. Rxc1 Qxf2+ 0-1

[Event "Gatineau Benevoles"]
[Site "Gatineau"]
[Date "2012.10.02"]
[Round "4"]
[White "Dagenais, Benoit"]
[Black "Lecorre, Joel"]
[Result "1-0"]
[WhiteElo "1738"]
[BlackElo "1655"]
[PlyCount "45"]
[EventDate "2012.09.11"]
[EventType "swiss"]
[EventRounds "4"]
[EventCountry "CAN"]
[SourceTitle "EXT 2022"]
[Source "ChessBase"]
[SourceDate "2021.10.06"]
[SourceVersion "1"]
[SourceVersionDate "2021.10.06"]
[SourceQuality "1"]

1. e4 e6 2. d4 d5 3. exd5 exd5 4. c4 Nf6 5. Nf3 Bg4 6. c5 c6 7. Bg5 Nbd7 8. Nbd2 b6 9. b4 b5 10. Bd3 Be7 11. 0-0 0-0 12. Qc2 h6 13. Bh4 Re8 14. Rfe1 g5 15. Bg3 Nh5 16. Ne5 Nxe5 17. Bh7+ Kf8 18. Bxe5 Nf6 19. Re3 a5 20. Rae1 Be6 21. Bf5 Qd7 22. Bxe6 fxe6 23. Qg6 1-0

[Event "Gatineau Benevoles"]
[Site "Gatineau"]
[Date "2012.09.18"]
[Round "2"]
[White "Scantland, Patrick"]
[Black "Dagenais, Benoit"]
[Result "1-0"]
[WhiteElo "1767"]
[BlackElo "1738"]
[PlyCount "43"]
[EventDate "2012.09.11"]
[EventType "swiss"]
[EventRounds "4"]
[EventCountry "CAN"]
[SourceTitle "EXT 2022"]
[Source "ChessBase"]
[SourceDate "2021.10.06"]
[SourceVersion "1"]
[SourceVersionDate "2021.10.06"]
[SourceQuality "1"]

1. Nf3 d5 2. d4 c5 3. e3 e6 4. c4 Nf6 5. Nc3 Nc6 6. cxd5 Nxd5 7. Bb5 Qb6 8. Nxd5 exd5 9. Ba4 Bg4 10. 0-0 Bd6 11. dxc5 Bxc5 12. Qxd5 0-0 13. Bxc6 Be6 14. Qe4 bxc6 15. Ng5 g6 16. Nxe6 Rfe8 17. b3 Rxe6 18. Qf3 Rd8 19. Bb2 Rd2 20. Rab1 Bxe3 21. fxe3 Rxe3 22. Qxf7# 1-0

[Event "Gatineau Maisonneuve Memorial"]
[Site "Gatineau"]
[Date "2011.11.15"]
[Round "4"]
[White "Danilov, Alex"]
[Black "Dagenais, Benoit"]
[Result "1/2-1/2"]
[WhiteElo "1745"]
[BlackElo "1686"]
[PlyCount "69"]
[EventDate "2011.10.25"]
[EventType "swiss"]
[EventRounds "4"]
[EventCountry "CAN"]
[SourceTitle "EXT 2022"]
[Source "ChessBase"]
[SourceDate "2021.10.06"]
[SourceVersion "1"]
[SourceVersionDate "2021.10.06"]
[SourceQuality "1"]

1. c4 Nf6 2. g3 g6 3. Bg2 Bg7 4. Nc3 d6 5. e4 c5 6. Nge2 Nc6 7. d3 0-0 8. h3 Ne8 9. 0-0 Nc7 10. Be3 Ne6 11. Rb1 Ned4 12. Kh2 Qd7 13. Qd2 f5 14. f4 e5 15. Nd5 Nxe2 16. Qxe2 Nd4 17. Qd2 fxe4 18. dxe4 exf4 19. gxf4 b6 20. Rf2 Bb7 21. Rbf1 Bxd5 22. cxd5 Rae8 23. b4 Qe7 24. bxc5 bxc5 25. Qd3 Rf7 26. Qc4 Ref8 27. Qa6 Qc7 28. e5 dxe5 29. d6 Qb6 30. Qxb6 axb6 31. Bd5 e4 32. Bxe4 Rd7 33. Bd5+ Kh8 34. a4 Rxd6 35. Bc4 1/2-1/2

[Event "Gatineau CEH 31 Aniv-B"]
[Site "Gatineau"]
[Date "2010.10.05"]
[Round "4"]
[White "Farah, Liban"]
[Black "Dagenais, Benoit"]
[Result "0-1"]
[WhiteElo "1604"]
[BlackElo "1612"]
[PlyCount "66"]
[EventDate "2010.09.14"]
[EventType "swiss"]
[EventRounds "5"]
[EventCountry "CAN"]
[SourceTitle "EXT 2011"]
[Source "ChessBase"]
[SourceDate "2010.11.26"]
[SourceVersion "1"]
[SourceVersionDate "2010.11.26"]
[SourceQuality "1"]

1. e4 Nf6 2. e5 Nd5 3. Nf3 c5 4. Nc3 Nxc3 5. bxc3 g6 6. d4 Bg7 7. Bd3 Nc6 8. 0-0 0-0 9. Be3 d6 10. exd6 exd6 11. h3 Qa5 12. Rb1 cxd4 13. cxd4 Qxa2 14. Qd2 Qa5 15. c3 Qc7 16. Ng5 Ne7 17. f4 Nd5 18. c4 Nxe3 19. Qxe3 f5 20. d5 Bd7 21. Rfe1 Rfe8 22. Qf2 Rxe1+ 23. Qxe1 Re8 24. Qf2 b6 25. Nf3 Qc5 26. Qxc5 dxc5 27. Kf2 Kf7 28. Re1 Rxe1 29. Kxe1 Ke7 30. Kd2 a5 31. Ne5 Be8 32. Bc2 Kd6 33. Nd3 g5 0-1

[Event "Quebec-ch opB"]
[Site "Montreal"]
[Date "2010.07.25"]
[Round "2"]
[White "Auger, Bertrand"]
[Black "Dagenais, Benoit"]
[Result "1-0"]
[WhiteElo "1950"]
[BlackElo "1548"]
[PlyCount "73"]
[EventDate "2010.07.24"]
[EventType "swiss"]
[EventRounds "9"]
[EventCountry "CAN"]
[SourceTitle "EXT 2013"]
[Source "ChessBase"]
[SourceDate "2012.11.22"]
[SourceVersion "1"]
[SourceVersionDate "2012.11.22"]
[SourceQuality "1"]

1. Nf3 Nf6 2. g3 g6 3. b4 Bg7 4. Bb2 d5 5. Bg2 0-0 6. d3 c6 7. 0-0 Bf5 8. Nbd2 Qc8 9. Re1 Bh3 10. Bh1 a6 11. c4 Rd8 12. Qc2 b5 13. cxd5 cxd5 14. Rac1 Nbd7 15. Qb1 Qb7 16. Ng5 Bg4 17. h3 h6 18. Nxf7 Kxf7 19. hxg4 Nxg4 20. Bxg7 Kxg7 21. Qb2+ e5 22. Nb3 Rf8 23. Bf3 h5 24. Bxg4 hxg4 25. Nc5 Qb6 26. e3 Nxc5 27. Qxe5+ Qf6 28. Qxf6+ Rxf6 29. Rxc5 Rf5 30. Rc7+ Kf6 31. Rec1 Rh5 32. R1c6+ Kg5 33. Rg7 Rh6 34. Rd7 Rf8 35. Rxd5+ Rf5 36. Rxf5+ Kxf5 37. Rxa6 1-0

[Event "Gatineau LEO-B"]
[Site "Gatineau"]
[Date "2010.05.11"]
[Round "5"]
[White "Pilon, Robert"]
[Black "Dagenais, Benoit"]
[Result "0-1"]
[WhiteElo "1459"]
[BlackElo "1394"]
[PlyCount "80"]
[EventDate "2010.04.13"]
[EventType "swiss"]
[EventRounds "6"]
[EventCountry "CAN"]
[SourceTitle "EXT 2011"]
[Source "ChessBase"]
[SourceDate "2010.11.26"]
[SourceVersion "1"]
[SourceVersionDate "2010.11.26"]
[SourceQuality "1"]

1. e4 Nf6 2. e5 Nd5 3. d4 c5 4. c3 cxd4 5. cxd4 Nc6 6. Nc3 Nxc3 7. bxc3 b5 8. a3 e6 9. Nf3 Qa5 10. Bb2 Ne7 11. Bd3 Nd5 12. Qd2 Bb7 13. Be4 Rc8 14. Bxd5 Bxd5 15. 0-0 Be7 16. Qe3 0-0 17. Rfc1 h6 18. h4 Bxf3 19. Qxf3 Bxh4 20. Qd3 Bg5 21. Rc2 a6 22. c4 Qc7 23. c5 Qc6 24. Bc1 Bxc1 25. Raxc1 Rb8 26. Rb2 f6 27. exf6 Rxf6 28. a4 Rbf8 29. axb5 axb5 30. Rcc2 Rb8 31. Rb4 Qd5 32. Qg3 Rbf8 33. Qe3 Rg6 34. g3 Rf3 35. Qe2 Rg5 36. Rxb5 Rh5 37. Rb8+ Kh7 38. Rb5 Ra3 39. f3 Ra1+ 40. Kg2 Rh2+ 0-1

[Event "Quebec-ch qual"]
[Site "Gatineau"]
[Date "2010.04.06"]
[Round "5"]
[White "Dagenais, Benoit"]
[Black "Pilon, Robert"]
[Result "0-1"]
[WhiteElo "1459"]
[BlackElo "1439"]
[PlyCount "56"]
[EventDate "2010.03.09"]
[EventType "swiss"]
[EventRounds "5"]
[EventCountry "CAN"]
[SourceTitle "EXT 2011"]
[Source "ChessBase"]
[SourceDate "2010.11.26"]
[SourceVersion "1"]
[SourceVersionDate "2010.11.26"]
[SourceQuality "1"]

1. e4 e6 2. c4 c6 3. d4 d5 4. e5 Bd7 5. f4 Nh6 6. Nf3 Be7 7. Bd3 dxc4 8. Bxc4 Nf5 9. g4 Bh4+ 10. Kf1 Nh6 11. g5 Nf5 12. Bd3 h6 13. Bxf5 exf5 14. Nxh4 hxg5 15. Ng2 g4 16. Be3 Be6 17. Nc3 Na6 18. d5 cxd5 19. Qa4+ Bd7 20. Nb5 0-0 21. Qb3 Bxb5+ 22. Qxb5 d4 23. Bd2 Rc8 24. Qxb7 Nc5 25. Qxa7 Ne4 26. Qa5 Qd7 27. Ke2 Rc2 28. Rhd1 Rxb2 0-1

[Event "Gatineau CEH op"]
[Site "Gatineau"]
[Date "2010.02.09"]
[Round "5"]
[White "Jani, Louis"]
[Black "Dagenais, Benoit"]
[Result "0-1"]
[WhiteElo "1427"]
[BlackElo "1264"]
[PlyCount "42"]
[EventDate "2010.01.12"]
[EventType "swiss"]
[EventRounds "7"]
[EventCountry "CAN"]
[SourceTitle "EXT 2011"]
[Source "ChessBase"]
[SourceDate "2010.11.26"]
[SourceVersion "1"]
[SourceVersionDate "2010.11.26"]
[SourceQuality "1"]

1. e4 Nf6 2. Nc3 d5 3. e5 d4 4. exf6 dxc3 5. fxe7 cxd2+ 6. Qxd2 Bxe7 7. Qxd8+ Bxd8 8. Bf4 0-0 9. 0-0-0 Be6 10. Bd3 Nc6 11. Bd2 Bxa2 12. b3 Bf6 13. Bc4 a5 14. Ne2 a4 15. Nc3 axb3 16. cxb3 Nd4 17. Kb2 b5 18. Bd5 c6 19. Be3 Ne2 20. Bd4 Nxd4 21. Bxc6 Nxc6 0-1

[Event "Gatineau Defi Nez-B"]
[Site "Gatineau"]
[Date "2009.12.15"]
[Round "5"]
[White "Dagenais, Benoit"]
[Black "Lavergne, Daniel"]
[Result "0-1"]
[WhiteElo "1249"]
[BlackElo "1524"]
[PlyCount "82"]
[EventDate "2009.11.17"]
[EventType "swiss"]
[EventRounds "5"]
[EventCountry "CAN"]
[SourceTitle "EXT 2011"]
[Source "ChessBase"]
[SourceDate "2010.11.26"]
[SourceVersion "1"]
[SourceVersionDate "2010.11.26"]
[SourceQuality "1"]

1. a4 e5 2. Nf3 Nc6 3. d4 exd4 4. Nxd4 Nge7 5. e4 d6 6. Nc3 Nxd4 7. Qxd4 Be6 8. Bg5 Rg8 9. Rd1 f6 10. Bf4 Nc6 11. Bb5 a6 12. Bxc6+ bxc6 13. 0-0 Be7 14. Rfe1 Kf7 15. Bg3 Re8 16. Ne2 Kg8 17. Nf4 Bf7 18. Qc3 Qd7 19. Nh3 Rab8 20. b3 d5 21. Qd3 Bb4 22. c3 Bf8 23. b4 Bg6 24. f3 a5 25. bxa5 Bc5+ 26. Bf2 Qd6 27. Qc2 Qf8 28. c4 dxe4 29. fxe4 Re5 30. Rd7 Bxf2+ 31. Nxf2 Qc5 32. Kf1 Bf7 33. Rxf7 Kxf7 34. Nd3 Qxa5 35. Nxe5+ Qxe5 36. Kg1 Rb2 37. Qd3 Qc5+ 38. Re3 Qd6 39. Qc3 Rb1+ 40. Kf2 Qxh2 41. Qd2 Qf4+ 0-1